Walt Disney World: Magic Kingdom Rides! - Statistics

General Stats
  • This quiz has been taken 2,345 times
  • The average score is 13 of 27
Answer Stats
Hint Answer % Correct
An elephant that flies (Fantasyland) Dumbo the Flying Elephant
81%
Take a ride through space on this out of space rollercoaster (Tomorrowland) Space Mountain
81%
Theres 999 ghouls but theres always room for one more (Liberty Square) The Haunted Mansion
76%
Tag along with Brer Rabbit but watch out for the Briar Patch (Frontierland) Splash Mountain
75%
You travel the world realizing it aint such a big world (Fantasyland) It's A Small World
74%
Take a cruise through the forest and thru a temple (Adventureland) Jungle Cruise
70%
Yo Ho Yo Ho A Pirates Life for Me (Adventureland) Pirates of the Caribbean
66%
Its a Carousel that shows you the evolution of technology (Tomorrowland) Carousel of Progress
64%
Country Bears play music for the crowd (Between Frontierland and Liberty Square) Country Bear Jamboree
62%
Orbits high above the people mover (Tomorrowland) Astro Orbiter
60%
Where you get to meet the Presidents (Liberty Square) The Hall of Presidents
58%
Where the monsters try and fill a canister with laughs (Tomorrowland) Monsters, Inc. Laugh Floor
55%
It's a mountain witha run away railroad train (Frontierland) Big Thunder Mountain Railroad
54%
THis gives you a tour of Tomorrowland. Paging Mr. Tom Orrow! (Tomorrowland Tomorrowland Transit Authority PeopleMover
54%
Take a trip with the boy who battled Captain Hook (Fantasyland) Peter Pan's Flight
51%
You can drive a gocart on this controlled track (Tomorrowland) Tomorrowland Speedway
43%
Stitch has escaped from his holding cell and is running around the audience (Tomorrowland) Stitch's Great Escape
41%
Birds sing and give you a show (Adventureland) Enchanted Tiki Room
39%
This island is home of a famous book character and can only be traveled to by raft! Also is the center piece for a certain riverboat (Frontierland) Tom Sawyer Island
35%
These tea cups never stop spinning (Fantasyland) Mad Tea Party
30%
Mickeys performing some magic in 3D with Donald conducting an orchestra (show in Fantasyland) Mickey's Philharmagic
30%
It may be scary to take this trip with Snow White (No longer operational - Fantasyland) Snow White's Scary Adventure
30%
Buzz Lightyear to the Rescue (Tomorrowland) Buzz Lightyear's Space Ranger Spin
29%
Come along with Pooh (Fantasyland) The Many Adventures of Winnie the Pooh
29%
These carpets fly (Adventureland) The Magic Carpets of Aladdin
20%
Take a Riverboat trip thru the different rivers such as the Missouri and Mighty Mississippi around an Island (Liberty Square) Liberty Square Riverboat
19%
Its a Prince's Carousel (Fantasyland) Prince Charming Regal Carousel
11%
No matching quizzes found
Score Distribution
Percent of People with Each Score
Percentile by Number Answered
Your Score History
You have not taken this quiz